[Event "Stuttgart-chB op"]
[Site "Ditzingen"]
[Date "2015.05.15"]
[Round "3"]
[White "Schweizer, Timo"]
[Black "Uhlarz, Joerg"]
[Result "0-1"]
[WhiteElo "1524"]
[BlackElo "1690"]
[PlyCount "72"]
[EventDate "2015.05.17"]
[EventType "swiss"]
[EventRounds "7"]
[EventCountry "GER"]
[SourceTitle "EXT 2018"]
[Source "ChessBase"]
[SourceDate "2017.10.13"]
[SourceVersion "1"]
[SourceVersionDate "2017.10.13"]
[SourceQuality "1"]

1. d4 f5 2. c4 Nf6 3. Nc3 e6 4. Nf3 d5 5. e3 Be7 6. Be2 0-0 7. 0-0 c6 8. c5 Qe8 9. h3 Nbd7 10. b4 b5 11. a4 Ne4 12. Nxe4 fxe4 13. Ne1 Nf6 14. f4 Bd7 15. a5 a6 16. Bb2 Ra7 17. Bc3 Kh8 18. Nc2 g6 19. Be1 Rg8 20. Kh1 Qd8 21. g4 Be8 22. g5 Nd7 23. h4 h6 24. Rg1 Nf8 25. Rg2 hxg5 26. hxg5 Kg7 27. Rg4 Rh8+ 28. Kg2 Bd7 29. Bh4 e5 30. Bg3 Bxg4 31. Bxg4 exf4 32. Bxf4 Bxg5 33. Be5+ Bf6 34. Bxf6+ Qxf6 35. Qf1 Qh4 36. Qe2 Rf7 0-1

[Event "Stuttgart-chB op"]
[Site "Ditzingen"]
[Date "2015.05.14"]
[Round "2"]
[White "Helmich, Joerg"]
[Black "Schweizer, Timo"]
[Result "1-0"]
[WhiteElo "1704"]
[BlackElo "1524"]
[PlyCount "33"]
[EventDate "2015.05.17"]
[EventType "swiss"]
[EventRounds "7"]
[EventCountry "GER"]
[SourceTitle "EXT 2018"]
[Source "ChessBase"]
[SourceDate "2017.10.13"]
[SourceVersion "1"]
[SourceVersionDate "2017.10.13"]
[SourceQuality "1"]

1. e4 c6 2. d4 d5 3. exd5 cxd5 4. c4 Nf6 5. Nc3 Nc6 6. Bg5 e6 7. Nf3 Be7 8. Bd3 Qb6 9. Qd2 Nxd4 10. Nxd4 Qxd4 11. cxd5 Nxd5 12. Bb5+ Kf8 13. Bxe7+ Kxe7 14. Qxd4 Rd8 15. Qxg7 Nb4 16. 0-0 a6 17. Qg5+ 1-0